|
|
|
|
| LEADER |
01043nam a2200265 a 4500 |
| 001 |
000624288 |
| 003 |
CZ BrMZK |
| 005 |
20120112205455.0 |
| 007 |
ta |
| 008 |
020920s1976 xr f cze d |
| 040 |
|
|
|a BOA001
|b cze
|c BOA001
|
| 041 |
0 |
|
|a cze
|b mul
|
| 245 |
0 |
0 |
|a Studie z fysikální a matematické vysokoškolské pedagogiky
|
| 250 |
|
|
|a 1. vyd.
|
| 260 |
|
|
|a Brno :
|b Universita J.E. Purkyně,
|c 1976
|
| 300 |
|
|
|a 91 s.
|
| 490 |
1 |
|
|a Folia Facultatis scientiarum naturalium Universitatis Purkynianae Brunensis. Acta ;
|v t. 17, 1976, 7, opus 14
|
| 500 |
|
|
|a Souhrny vícejazyčné
|
| 504 |
|
|
|a Obsahuje bibliografie
|
| 710 |
2 |
|
|a Univerzita J.E. Purkyně v Brně
|7 kn20010709352
|
| 830 |
|
0 |
|a Folia Facultatis scientiarum naturalium Universitatis Purkynianae Brunensis.
|p Acta
|
| 910 |
|
|
|a BOA001
|b 2-0783.166
|
| 990 |
|
|
|a BK
|
| 996 |
6 |
|
|b 2619355707
|c 2-0783.166
|l MZK
|r Sklad / do 1 hodiny
|n 0
|w 000624288
|u 000020
|a 1
|e BOA001
|j MZK50
|s P
|
| 996 |
7 |
|
|b 2619355708
|c 2-0783.166
|l MZK
|r Sklad / do 1 hodiny
|n 0
|w 000624288
|u 000010
|a 1
|e BOA001
|j MZK50
|s A
|